MARC details
| 000 -LEADER |
| campo de control de longitud fija |
02652nac a22003377a 4500 |
| 003 - IDENTIFICADOR DE NÚMERO DE CONTROL |
| campo de control |
Co-PeBPM |
| 005 - FECHA Y HORA DE LA ÚLTIMA TRANSACCIÓN |
| campo de control |
20240530211203.0 |
| 007 - CAMPO FIJO DE DESCRIPCIÓN FÍSICA--INFORMACIÓN GENERAL |
| campo de control de longitud fija |
ta |
| 008 - DATOS DE LONGITUD FIJA--INFORMACIÓN GENERAL |
| campo de control de longitud fija |
240530s2019 ck a|||| |||| 00| 0 spa d |
| 020 ## - NÚMERO INTERNACIONAL ESTÁNDAR DEL LIBRO |
| Número Internacional Estándar del Libro |
9789587223989 |
| 040 ## - FUENTE DE CATALOGACIÓN |
| Centro catalogador/agencia de origen |
Co-PeBPM |
| Lengua de catalogación |
spa |
| Centro/agencia transcriptor |
Co-PeBPM |
| Normas de descripción |
rda |
| 082 04 - NÚMERO DE LA CLASIFICACIÓN DECIMAL DEWEY |
| Número de clasificación |
621.8 M798l |
| Número de edición |
22 |
| 100 1# - ENTRADA PRINCIPAL--NOMBRE DE PERSONA |
| Nombre de persona |
Montoya López, Jesús Alberto |
| Término indicativo de función/relación |
autor |
| 245 10 - MENCIÓN DEL TÍTULO |
| Título |
Libro de ejercicios prácticos para el dibujo de elementos de máquinas |
| Mención de responsabilidad, etc. |
/ Jesús Alberto Montoya López, Ricaurte Ospina López |
| 250 ## - MENCION DE EDICION |
| Mención de edición |
Primera edición |
| 260 ## - PUBLICACIÓN, DISTRIBUCIÓN, ETC. |
| Lugar de publicación, distribución, etc. |
Pereira, Risaralda |
| Nombre del editor, distribuidor, etc. |
: Universidad Tecnológica de Pereira, |
| Fecha de publicación, distribución, etc. |
2019 |
| 300 ## - DESCRIPCIÓN FÍSICA |
| Extensión |
69 páginas |
| Otras características físicas |
ilustraciones en blanco y negro |
| Dimensiones |
28 centímetros |
| 490 ## - MENCIÓN DE SERIE |
| Mención de serie |
Colección Textos Académicos |
| 500 ## - NOTA GENERAL |
| Nota general |
Incluye índice |
| 500 ## - NOTA GENERAL |
| Nota general |
Contiene datos biográficos de los autores en la solapa |
| 505 ## - NOTA DE CONTENIDO CON FORMATO |
| Nota de contenido con formato |
1 Complementación en modelos y en vistas para piezas cilíndricas 2 Vistas principales de piezas cilíndricas 3 Vistas principales de piezas con superficies cilíndricas y planas mecanizadas y sus tangencias 4 Vistas principales de piezas con superficies mecanizadas y no mecanizadas, que involucran tangencias y redondeos 5 Vistas necesarias de piezas con superficies mecanizadas y no mecanizadas, que involucran tangencias, redondeos y vistas auxiliares de primer orden 6 Vistas necesarias de piezas mecanizadas, que involucran vistas auxiliares de primer y segundo orden 7 Vistas en sección a partir de vistas dadas y con ayuda del modelo isométrico real en corte 8 Vistas en sección a partir de vistas dadas 9 Dimensionado o acotado para vistas necesarias de piezas mecánicas 10 Selección de las vistas necesarias con sus cortas, para dibujarlas en un plano de detalle |
| 520 ## - RESUMEN, ETC. |
| Sumario, etc. |
El dibujo técnico ha ocupado un papel importante en la formación profesional, lo cual ha requerido de la enseñanza y aprendizaje del mismo. Este libro de ejercicios está elaborado con el fin de afianzar los conocimientos que se imparten en el salón de clase de forma teórica. De manera clara se crearon hojas de solución directa para que se puedan resolver a mano alzada o con instrumentos, ejercicios de manejo de instrumentos, geometría gráfica, proyección ortogonal y proyección isométrica (con superficies planas y cilíndricas). |
| 650 10 - PUNTO DE ACCESO ADICIONAL DE MATERIA--TÉRMINO DE MATERIA |
| Término de materia o nombre geográfico como elemento de entrada |
Maquinaria - Diseño |
| Fuente del encabezamiento o término |
Lemb |
| 650 10 - PUNTO DE ACCESO ADICIONAL DE MATERIA--TÉRMINO DE MATERIA |
| Término de materia o nombre geográfico como elemento de entrada |
Dibujo técnico |
| Fuente del encabezamiento o término |
Lemb |
| 650 10 - PUNTO DE ACCESO ADICIONAL DE MATERIA--TÉRMINO DE MATERIA |
| Término de materia o nombre geográfico como elemento de entrada |
Métodos gráficos |
| Fuente del encabezamiento o término |
Lemb |
| 650 10 - PUNTO DE ACCESO ADICIONAL DE MATERIA--TÉRMINO DE MATERIA |
| Término de materia o nombre geográfico como elemento de entrada |
Dibujo técnico - Ejercicios |
| 650 10 - PUNTO DE ACCESO ADICIONAL DE MATERIA--TÉRMINO DE MATERIA |
| Término de materia o nombre geográfico como elemento de entrada |
Isometría (Matemáticas) |
| Fuente del encabezamiento o término |
Lemb |
| 700 ## - ENTRADA AGREGADA--NOMBRE PERSONAL |
| Nombre de persona |
Ospina López, Ricaurte |
| Término indicativo de función/relación |
coautor |
| 942 ## - ELEMENTOS DE ENTRADA SECUNDARIOS (KOHA) |
| Fuente del sistema de clasificación o colocación |
Clasificación Decimal Dewey |
| Tipo de ítem Koha |
Libros |
| Suprimir en OPAC |
No |